<?xml version="1.0" encoding="UTF-8"?>
<record
    xmlns:xsi="http://www.w3.org/2001/XMLSchema-instance"
    xsi:schemaLocation="http://www.loc.gov/MARC21/slim http://www.loc.gov/standards/marcxml/schema/MARC21slim.xsd"
    xmlns="http://www.loc.gov/MARC21/slim">

  <leader>01850nam a22002297a 4500</leader>
  <controlfield tag="005">20140903180109.0</controlfield>
  <controlfield tag="008">140903b        xxu||||| |||| 00| 0 eng d</controlfield>
  <datafield tag="020" ind1=" " ind2=" ">
    <subfield code="a">9781444329179</subfield>
  </datafield>
  <datafield tag="020" ind1=" " ind2=" ">
    <subfield code="a">1444329170</subfield>
  </datafield>
  <datafield tag="050" ind1=" " ind2=" ">
    <subfield code="a">RC 350.5</subfield>
    <subfield code="b">.N4885 2011</subfield>
  </datafield>
  <datafield tag="100" ind1=" " ind2=" ">
    <subfield code="a">Woodward, Sue.</subfield>
  </datafield>
  <datafield tag="245" ind1=" " ind2=" ">
    <subfield code="a">Neuroscience nursing :</subfield>
    <subfield code="b">evidence-based practice /</subfield>
    <subfield code="c">Sue Woodward and Ann-Marie Mestecky.</subfield>
  </datafield>
  <datafield tag="260" ind1=" " ind2=" ">
    <subfield code="a">Chichester, West Sussex, U.K. ; Ames, Iowa :</subfield>
    <subfield code="b">Blackwell Pub.,</subfield>
    <subfield code="c">c2011.</subfield>
  </datafield>
  <datafield tag="300" ind1=" " ind2=" ">
    <subfield code="a">xix, 659 page :</subfield>
    <subfield code="b">illustration, (chiefly col.) ;</subfield>
    <subfield code="c">25 cm.</subfield>
  </datafield>
  <datafield tag="505" ind1=" " ind2=" ">
    <subfield code="a">Anatomy and physiology of the nervous system --
Assessment, interpretation and management of specific problems in the neurological patient --
Neurological investigations and neurosurgical procedures --
Management of patients with intracranial disorders and disease --
Management of patients with long-term conditions --
Management of patients following head and spinal trauma --
Management of patients with neuropathies and spinal disorders and disease --
Fundamental concepts of neuroscience nursing.</subfield>
  </datafield>
  <datafield tag="520" ind1=" " ind2=" ">
    <subfield code="a">"Superior ... An important resource for nurses". Shanne McNamara, Vice President, British Association of Neuroscience Nurses. Neuroscience Nursing is a comprehensive, practical text that reflects both the richness and the diversity of contemporary neuroscience nursing. This important new text aims to inform the practice of neuroscience nursing through the report of current research, best available evidence, policy and education. This important new book is divided into several sections exploring: anatomy and physiology of the nervous system; assessment, interpretation and management of specific pr.</subfield>
  </datafield>
  <datafield tag="521" ind1=" " ind2=" ">
    <subfield code="a">NUR</subfield>
  </datafield>
  <datafield tag="650" ind1=" " ind2=" ">
    <subfield code="a">Neurological nursing.</subfield>
  </datafield>
  <datafield tag="650" ind1=" " ind2=" ">
    <subfield code="a">Evidence-based nursing.</subfield>
  </datafield>
  <datafield tag="650" ind1=" " ind2=" ">
    <subfield code="a">Nervous System Diseases</subfield>
    <subfield code="x">Nursing.</subfield>
  </datafield>
  <datafield tag="942" ind1=" " ind2=" ">
    <subfield code="2">lcc</subfield>
    <subfield code="c">BK</subfield>
    <subfield code="k">FOR</subfield>
  </datafield>
  <datafield tag="999" ind1=" " ind2=" ">
    <subfield code="c">275411</subfield>
    <subfield code="d">275411</subfield>
  </datafield>
  <datafield tag="952" ind1=" " ind2=" ">
    <subfield code="0">0</subfield>
    <subfield code="1">0</subfield>
    <subfield code="2">lcc</subfield>
    <subfield code="4">0</subfield>
    <subfield code="7">OP</subfield>
    <subfield code="a">CL</subfield>
    <subfield code="b">CL</subfield>
    <subfield code="c">GC</subfield>
    <subfield code="d">2014-09-03</subfield>
    <subfield code="e">DONATION</subfield>
    <subfield code="l">1</subfield>
    <subfield code="o">RC 350.5 .N4885 2011</subfield>
    <subfield code="p">C18571</subfield>
    <subfield code="r">2023-02-21 00:00:00</subfield>
    <subfield code="s">2023-02-14</subfield>
    <subfield code="w">2014-09-03</subfield>
    <subfield code="y">BK</subfield>
  </datafield>
</record>
